Manual de derecho procesal civil /
Guardado en:
| Autor Principal: | |
|---|---|
| Formato: | Libro |
| Idioma: | Spanish |
| Publicado: |
Buenos Aires :
Abeledo-Perrot,
2004
|
| Edición: | 17º ed. |
| Etiquetas: |
Agregar Etiqueta
Sin Etiquetas, Sea el primero en etiquetar este registro!
|
| LEADER | 00433nam a22001455a 4500 | ||
|---|---|---|---|
| 001 | DER.der000753 | ||
| 008 | 180615s2004####ag#||||||||||||||#||spa|| | ||
| 005 | 20210514111317.0 | ||
| 245 | 1 | 0 | |a Manual de derecho procesal civil / |c Enrique Palacio Lino |
| 250 | |a 17º ed. | ||
| 260 | |a Buenos Aires : |b Abeledo-Perrot, |c 2004 | ||
| 300 | |a 980 p. | ||
| 020 | |a 9502015800 | ||
| 100 | 1 | |a Palacio, Lino Enrique | |
| 859 | |a DERECHO |b BIB. DERECHO |h 347 |i PAL |p 001356 |t 1 | ||
